US cities by Satellite Images - Statistics

General Stats
  • This quiz has been taken 76 times
  • The average score is 8 of 10
Answer Stats
Picture Answer % Correct
Los Angeles
97%
Chicago
92%
Houston
89%
St Louis
88%
Detroit
83%
Baltimore
80%
Tampa
80%
Philadelphia
67%
Atlanta
61%
Charleston
48%
No matching quizzes found
Score Distribution
Percent of People with Each Score
Percentile by Number Answered
Your Score History
You have not taken this quiz